000 00933nam a2200253Ia 4500
003 OSt
005 20221005112807.0
006 a|||||r|||| 00| 0
007 ta
008 221004b |||||||| |||| 00| 0 pan d
020 _a8182990793 (hbk)
_c425
024 _a117464
037 _b572, 03/02/2012, H.K. Prakashan
_cTextual
040 _aCRL
_cCRL
_bpan
041 _2pan
_apan
082 _aO153,6N44:g, [P9]
100 _aਸੰਧੂ, ਗੁਰਪਾਲ ਸਿੰਘ, ਥਦ।
245 0 _aਕਲਮ ਦੇ ਨਕ
_b ਗੁਰਚਰਨ ਸਿੰਘ ਅਰਸੀ
260 _aਦਿੱਲੀ
_bਆਰਸੀ ਪਬਲਿਰਗ਼ੂ ਭਾਰਤ
_c2009
300 _a276ਪੰ
_ccm.
650 _aਪੰਜਾਬੀ ਸਾਹਿਤ
942 _hO153,6N44:g, [P9]
_cTEXL
_2cc
999 _c1025992
_d1025992